[Event "Stay Safe Play From Home 233"]
[Site "Emanuel Lasker Arena"]
[Date "2020.06.17"]
[Round "1"]
[White "Weltszmerc"]
[Black "Tartak"]
[Result "1-0"]
[WhiteElo "2159"]
[BlackElo "1757"]
[Annotator "TA"]
[PlyCount "75"]
[EventDate "2020.06.17"]
[EventType "swiss (blitz)"]

{[%evp 13,74,22,29,5,11,8,41,44,45,0,51,0,-18,-5,58,45,58,37,93,46,125,49,208,48,201,188,192,39,39,43,477,467,452,463,501,464,552,501,608,608,599,604,606,551,623,611,641,615,614,605,682,672,760,769,752,728,909,909,1073,1003,29986,29987,29999]} 1. d4 d5 2. c4 c6 3. Nf3 Nf6 4. g3 g6 5. Bg2 Bg7 6. O-O O-O 7. Nbd2 Na6 {7...a5 gains popularity.} 8. Ne5 {[#] D78: Fianchetto Grünfeld: 6 0-0 c6.} Be6 $146 ({Predecessor:} 8... Nc7 9. e3 Nd7 10. Nd3 e6 11. b3 b6 12. Bb2 Bb7 13. Qe2 f5 14. Rac1 Rc8 15. Rfd1 Ne8 {1-0 (41) Gosic,B (2285)-Tatisic,M (2124) Belgrade 2015}) 9. b3 Nc7 10. Bb2 {White is slightly better.} Rc8 11. e4 dxe4 (11... Nxe4 $11 12. Nxe4 dxe4) 12. Nxe4 (12. Qe1 $14) 12... Nxe4 $11 13. Bxe4 f5 (13... f6 $11 14. Nd3 f5) 14. Bg2 Bxe5 $1 15. dxe5 Qe8 (15... Qxd1 $14 16. Raxd1 (16. Rfxd1 f4 $14) 16... f4) 16. Qd2 Qf7 (16... f4 $1 $14) 17. Qa5 (17. f4 $16) 17... a6 $2 {[#]} (17... f4 $14) 18. Rad1 $2 ({White should try} 18. f4 $18) 18... b5 $2 (18... f4 $14) 19. Bxc6 $18 bxc4 20. Bd7 $2 (20. Bb7 $18) 20... Bxd7 $14 21. Rxd7 Nd5 $2 {[%mdl 8192] [#] White now steadily converts the win.} (21... Ne6 $14) 22. Qxd5 ({Much less strong is} 22. Rxd5 c3 $18) 22... Qxd5 23. Rxd5 c3 24. Bc1 Rfd8 25. Rfd1 Rxd5 26. Rxd5 $18 {[%mdl 4096] Endgame KRB-KR} Kf7 27. f4 Ke6 28. Rd3 Rc6 29. Kf2 a5 30. Ke2 g5 31. Kd1 gxf4 32. Bxf4 h5 33. Kc2 a4 34. Rxc3 Ra6 35. b4 Kd5 36. a3 e6 37. Kd3 {[%csl Gb4][%cal Rc3c5]} h4 38. Rc5# {Accuracy: White = 53%, Black = 21%.} 1-0

[Event "Stay Safe Play From Home 233"]
[Site "Emanuel Lasker Arena"]
[Date "2020.06.17"]
[Round "1"]
[White "Lazieri3"]
[Black "Emresenar"]
[Result "1-0"]
[WhiteElo "2129"]
[BlackElo "1840"]
[Annotator "TA"]
[PlyCount "95"]
[EventDate "2020.06.17"]
[EventType "swiss (blitz)"]

{[%evp 9,95,0,7,-19,-12,-25,-12,-22,-15,-15,-26,-16,-14,-26,-13,-47,0,0,1,0,-2,-33,28,-52,-53,-143,0,0,0,-45,-25,-18,-22,-73,-70,-75,-81,-75,-27,-69,-34,-31,-12,-31,-7,-6,-7,-9,-18,-85,-14,-472,-474,-558,-558,-558,-550,-652,-626,-781,-776,-956,-906,-939,-907,-932,-921,-1245,-1150,-1189,-1128,-1886,-581,-749,-310,-1017,-942,-916,-747,-893,-835,-1228,-737,-2504,-2147,-6091,-5114,-1874]} 1. e4 b6 2. Nc3 Bb7 3. d3 d6 4. Nf3 Nd7 5. Bg5 Ngf6 6. Qd2 {B00: Queen's Fianchetto Defence, Nimzowitsch Defence.} h6 7. Be3 e5 8. Be2 {The position is equal.} Be7 9. h3 {[#]} O-O $146 ({Predecessor:} 9... d5 10. exd5 Nxd5 11. Nxd5 Bxd5 12. a4 a5 13. O-O Bd6 14. Nh2 Qf6 {0-1 (65) Casny,G (1841)-Heinrich,B (1575) Berlin 2019}) 10. O-O Nc5 11. a3 a5 12. Nh2 d5 13. exd5 Nxd5 14. Nxd5 Bxd5 15. f4 e4 (15... exf4 $15 16. Bxf4 Bf6) 16. dxe4 (16. d4 $1 $11 Nd7 17. Ng4) 16... Nxe4 $15 17. Qe1 ({White should play} 17. Qd3 $15) 17... Bc5 (17... Bh4 $17 18. Qc1 Ng3) 18. Bxc5 $11 Nxc5 19. Bf3 {[#] Black must now prevent Rd1.} Bxf3 20. Nxf3 Re8 21. Qg3 (21. Rd1 $11 {was the only way to keep the balance.} Qf6 22. Ne5) 21... Ne4 $17 22. Qh4 Qxh4 23. Nxh4 Rad8 24. Rad1 Ng3 25. Rxd8 Rxd8 $15 {[%mdl 4096] Endgame KRN-KRN} 26. Rf3 $1 {[%cal Rf3g3]} Rd1+ 27. Kf2 Ne4+ 28. Ke2 $1 {[%cal Re2d1]} Rb1 29. Rb3 (29. b3 $11) 29... Rc1 (29... Nc5 $17 30. Rb5 Na4) 30. Kd3 $2 {[%mdl 8192] This costs White the game.} (30. Nf5 $11) 30... Nc5+ $19 {[%mdl 64] [#] Double Attack} 31. Kd2 Nxb3+ 32. cxb3 {KR-KN} Rg1 33. b4 g5 34. fxg5 hxg5 35. Nf5 Rxg2+ 36. Kc3 Rh2 37. Ne7+ Kg7 38. Nd5 Rxh3+ 39. Kc4 c6 40. Nxb6 c5 (40... g4 $142 {...g3 is the strong threat.} 41. b5 g3 42. bxc6 g2) 41. bxc5 {With the idea c6.} Rh4+ (41... g4 $142 42. Nd5 g3) 42. Kb5 $2 (42. Kd3 g4 43. Ke4) 42... Kf6 {Black is clearly winning.} 43. c6 Rh8 44. Nd7+ Ke7 45. Nc5 Kd6 46. Nb7+ Kc7 47. Kc5 Rb8 48. Nd6 {[%mdl 32768] Accuracy: White = 24%, Black = 58%. . Loss on time!?} 1-0

[Event "Stay Safe Play From Home 233"]
[Site "Emanuel Lasker Arena"]
[Date "2020.06.17"]
[Round "1"]
[White "Fischer_11"]
[Black "Justwatch"]
[Result "1-0"]
[WhiteElo "2030"]
[BlackElo "1828"]
[Annotator "NA RC"]
[PlyCount "113"]
[EventDate "2020.06.17"]
[EventType "swiss (blitz)"]

1. e4 {[%emt 0:00:03]} Nf6 {[%emt 0:00:00]} 2. Nc3 {[%emt 0:00:02]} d6 {[%emt 0:00:18]} 3. d4 {[%emt 0:00:03]} Nc6 {[%emt 0:00:00]} 4. Bg5 {[%emt 0:00:01]} Bg4 {[%emt 0:00:00]} 5. f3 {[%emt 0:00:01]} Bh5 {[%emt 0:00:00]} 6. Qd2 {[%emt 0:00:01]} Bg6 {[%emt 0:00:01]} 7. O-O-O {[%emt 0:00:01]} h6 {[%emt 0:00:00]} 8. Bh4 {[%emt 0:00:03]} e6 {[%emt 0:00:01]} 9. e5 {[%emt 0:00:03]} dxe5 {[%emt 0:00:01]} 10. dxe5 {[%emt 0:00:00]} Qxd2+ {[%emt 0:00:01]} 11. Rxd2 {[%emt 0:00:00]} Nxe5 {[%emt 0:00:00]} 12. Nge2 {[%emt 0:00:02]} Be7 {[%emt 0:00:01]} 13. Nf4 {[%emt 0:00:01]} O-O {[%emt 0:00:02]} 14. Bf2 {[%emt 0:00:04]} Rad8 {[%emt 0:00:02]} 15. Bd4 {[%emt 0:00:01]} Nc6 {[%emt 0:00:01]} 16. Nxg6 {[%emt 0:00:03]} fxg6 {[%emt 0:00:01]} 17. Be3 {[%emt 0:00:04]} Nd5 {[%emt 0:00:02]} 18. Nxd5 {[%emt 0:00:07]} exd5 {[%emt 0:00:01]} 19. Bb5 {[%emt 0:00:03]} d4 {[%emt 0:00:00]} 20. Bf2 {[%emt 0:00:02]} Bc5 {[%emt 0:00:03]} 21. Rhd1 {[%emt 0:00:02]} Nb4 {[%emt 0:00:03]} 22. a3 {[%emt 0:00:02]} Nd5 {[%emt 0:00:01]} 23. Bxd4 {[%emt 0:00:02]} Bxd4 {[%emt 0:00:01]} 24. Rxd4 {[%emt 0:00:00]} c6 {[%emt 0:00:00]} 25. Bc4 {[%emt 0:00:01]} Rf5 {[%emt 0:00:06]} 26. Bxd5+ {[%emt 0:00:01]} cxd5 {[%emt 0:00:00]} 27. c4 {[%emt 0:00:01]} Rc8 {[%emt 0:00:03]} 28. b3 {[%emt 0:00:01]} dxc4 {[%emt 0:00:01]} 29. Rxc4 {[%emt 0:00:00]} Rxc4+ {[%emt 0:00:01]} 30. bxc4 {[%emt 0:00:00]} Rc5 {[%emt 0:00:00]} 31. Rd4 {[%emt 0:00:01]} Rc6 {[%emt 0:00:01]} 32. Kc2 {[%emt 0:00:00]} Ra6 {[%emt 0:00:00]} 33. Kc3 {[%emt 0:00:00]} Ra4 {[%emt 0:00:00]} 34. Kb3 {[%emt 0:00:01]} Ra6 {[%emt 0:00:00]} 35. Rd8+ {[%emt 0:00:00]} Kh7 {[%emt 0:00:01]} 36. Rd7 {[%emt 0:00:00]} Rb6+ {[%emt 0:00:00]} 37. Kc3 {[%emt 0:00:00]} Rf6 {[%emt 0:00:01]} 38. c5 {[%emt 0:00:00]} Ra6 {[%emt 0:00:01]} 39. Kc4 {[%emt 0:00:00]} Rxa3 {[%emt 0:00:00]} 40. Kb5 {[%emt 0:00:00]} Ra2 {[%emt 0:00:00]} 41. Kc4 {[%emt 0:00:00]} Rxg2 {[%emt 0:00:00]} 42. Kd5 {[%emt 0:00:00]} Rxh2 {[%emt 0:00:00]} 43. Rxb7 {[%emt 0:00:00]} Rd2+ {[%emt 0:00:00]} 44. Kc6 {[%emt 0:00:00]} Rf2 {[%emt 0:00:00]} 45. Rxa7 {[%emt 0:00:00]} Rxf3 {[%emt 0:00:00]} 46. Rc7 {[%emt 0:00:00]} Rf6+ {[%emt 0:00:00]} 47. Kb7 {[%emt 0:00:01]} Rf8 {[%emt 0:00:00]} 48. c6 {[%emt 0:00:00]} Rf6 {[%emt 0:00:01]} 49. Rc8 {[%emt 0:00:00]} Rf5 {[%emt 0:00:00]} 50. c7 {[%emt 0:00:00]} Rb5+ {[%emt 0:00:00]} 51. Kc6 {[%emt 0:00:01]} Rb3 {[%emt 0:00:00]} 52. Kd7 {[%emt 0:00:00]} Rc3 {[%emt 0:00:00]} 53. Rb8 {[%emt 0:00:00]} Rd3+ {[%emt 0:00:00]} 54. Kc8 {[%emt 0:00:00]} Rc3 {[%emt 0:00:00]} 55. Rb7 {[%emt 0:00:00]} Rf3 {[%emt 0:00:00]} 56. Kb8 {[%emt 0:00:00]} Rf8+ {[%emt 0:00:00]} 57. c8=Q {[%emt 0:00:00] '} 1-0

[Event "Stay Safe Play From Home 233"]
[Site "Emanuel Lasker Arena"]
[Date "2020.06.17"]
[Round "1"]
[White "Position"]
[Black "Mepe_Nika"]
[Result "1/2-1/2"]
[WhiteElo "1958"]
[BlackElo "2334"]
[Annotator "TA"]
[PlyCount "145"]
[EventDate "2020.06.17"]
[EventType "swiss (blitz)"]

{[%evp 9,144,-8,-4,-7,0,-8,-10,-16,0,-16,-8,-12,-4,-17,-8,-10,-10,-28,0,-6,-6,-85,-50,-80,-65,-80,-54,-48,-22,-27,-16,-29,-23,-10,-14,-227,-68,-654,-650,-910,-757,-719,-421,-530,-416,-374,9,22,16,0,63,6,14,17,9,0,6,6,6,6,5,-53,0,0,0,-6,-9,-17,0,0,0,0,0,0,0,0,0,0,0,0,0,0,0,0,0,0,0,0,0,0,0,0,12850,12850,12850,12850,12850,12850,12850,12850,12851,27997,27998,27997,27998,0,0,0,0,0,0,0,0,0,0,0,0,0,0,0,0,0,0,0,0,0,0,0,0,0,0,0,0,0,0,0,0]} 1. e3 d5 2. d4 Nf6 3. h3 Bf5 4. Nf3 e6 5. Bd3 Bxd3 6. Qxd3 {D00: 1 d4 d5: Unusual lines.} c5 {[#]} 7. O-O $146 ({Predecessor:} 7. dxc5 Bxc5 8. Qb5+ Nbd7 9. Ne5 a6 10. Qa4 O-O 11. Nd3 b5 12. Qf4 Rc8 13. c3 {½-½ (40) Lumini,S (1606)-Press,Y (1714) IECC email 1998}) 7... Nc6 8. c3 Bd6 9. Nbd2 O-O 10. Re1 e5 11. dxe5 Nxe5 12. Nxe5 Bxe5 13. Nf3 Bc7 14. Rd1 Qd6 15. Qf1 (15. c4 $11) 15... Rad8 16. Bd2 Ne4 17. Be1 {[#]} Ng5 $1 {[%mdl 512] ( -> ...Nxf3+)} 18. Qe2 (18. Nxg5 Qh2#) 18... Nxf3+ 19. Qxf3 Qh2+ $40 {[%mdl 128] White needs to defend precisely.} 20. Kf1 {[#]} d4 $1 {[%mdl 512]} 21. cxd4 cxd4 22. e4 $2 {[#]} (22. exd4 $11 {and White has nothing to worry.} Qh1+ 23. Ke2) 22... Rd6 $2 (22... f5 $1 $19 {[%cal Rf5e4][%mdl 512]} 23. exf5 Qh1+ 24. Ke2 Rfe8+ 25. Kd3 Qf1+ 26. Kc2 Qc4+ 27. Kb1 d3) 23. Rd3 $2 {[%mdl 8192]} (23. g4 $15) 23... Rf6 $19 24. Qg4 h5 25. Qxh5 Qh1+ 26. Ke2 Qxg2 27. Qg4 Qxg4+ $2 (27... Qh1 $19 28. Rxd4 Rf4) 28. hxg4 $11 Re8 29. f3 Rc6 (29... Rh6 $11) 30. Rad1 ({White should try} 30. Bd2 $14) 30... Bf4 31. Bd2 Rc2 32. Kf1 Be3 33. Bxe3 dxe3 34. Rxe3 Rxb2 35. Rb3 (35. Re2 $11 Rxe2 36. Kxe2) 35... Rxb3 ({Better is} 35... Rxa2 $15 36. Ke1 (36. Rxb7 Rc8 $15) 36... Rc8) 36. axb3 $15 {[%mdl 4096] Endgame KR-KR} Re6 37. Rd7 Rb6 38. Rd3 a5 39. Ke2 g5 40. Ke3 Kg7 41. Rc3 Kg6 42. Kd4 Rb4+ 43. Kc5 b6+ 44. Kd5 a4 45. bxa4 Rxa4 46. Rc6+ Kg7 47. Rxb6 Ra3 48. Kd4 Rxf3 49. Rb5 f6 50. Rf5 Kg6 $2 {[%mdl 8192]} (50... Rg3 $11) 51. Rxf3 $18 {Threatening mate with Kd5. KR-KPP} Kg7 52. Rf5 {White threatens e5 and mate.} Kg6 53. Kd5 {Ke6 would kill now.} Kg7 54. e5 fxe5 55. Kxe5 {KR-KP} Kg6 56. Ke4 Kh6 57. Rxg5 Kxg5 {KP-K. The position is equal.} 58. Kf3 Kf6 59. Kg3 Kg6 60. Kf3 Kg7 61. Kf4 Kf6 62. g5+ Kg6 63. Kg4 Kg7 64. Kh4 Kg6 65. Kg4 Kg7 66. Kh5 Kh7 67. g6+ Kg7 68. Kg5 Kg8 69. Kf5 Kg7 70. Kg5 Kg8 71. Kf6 Kf8 72. g7+ Kg8 73. Kg6 {White used his chance. Accuracy: White = 79%, Black = 63%.} 1/2-1/2

[Event "Stay Safe Play From Home 233"]
[Site "Emanuel Lasker Arena"]
[Date "2020.06.17"]
[Round "1"]
[White "Trotsky"]
[Black "Bardellosport"]
[Result "0-1"]
[WhiteElo "1454"]
[BlackElo "2072"]
[Annotator "TA"]
[PlyCount "68"]
[EventDate "2020.06.17"]
[EventType "swiss (blitz)"]

{[%evp 9,68,1,5,-25,-22,-24,10,-31,58,-26,-27,-70,-57,-483,-441,-433,-431,-517,-518,-622,-565,-593,-574,-649,-621,-636,-553,-541,-452,-640,-506,-1016,-600,-704,-695,-702,-653,-703,-693,-679,-627,-778,-714,-690,-641,-704,-583,-639,-649,-981,-749,-704,0,-950,-946,-1551,-1550,-1600,-1537,-2147,-1103]} 1. d4 d6 2. e3 f5 3. c4 Nf6 4. Nc3 g6 5. Bd3 Bg7 6. Qc2 {A85: Dutch Defence: 2 c4 Nf6 3 Nc3.} O-O 7. Nf3 Qe8 8. Bd2 {The position is equal.} Nc6 ({Better is} 8... e5 $15 9. Be2 e4) 9. a3 (9. Nd5 $1 $14 Qd8 10. Nxf6+ Bxf6 11. d5) 9... e5 $11 {[#] Strongly threatening ...e4.} 10. d5 {[#]} e4 $146 {[%mdl 2048] Black has the initiative.} ({Predecessor:} 10... Nd8 11. e4 a6 12. O-O-O Bd7 13. Bg5 f4 14. g3 h6 15. Bxf6 Rxf6 16. gxf4 Rxf4 {0-1 (54) Doknjas,J-Gairdner,D Langley 2007}) 11. Ng5 $2 {[%mdl 8192] Black continues to play with concentration.} (11. dxc6 $15 exf3 12. gxf3) 11... exd3 12. Qxd3 Ne5 13. Qc2 Nxc4 14. h4 Nxd2 15. Kxd2 Ng4 16. Raf1 f4 17. e4 Qe5 18. Kc1 {[#]} f3 $1 19. gxf3 (19. Nxf3 $142 Qe8 20. h5) 19... Nf6 20. h5 (20. Re1 $142) 20... Qf4+ 21. Kb1 Qxg5 22. hxg6 h6 23. Rfg1 Qe5 24. Qd2 Ne8 25. Rxh6 Bxh6 26. Qxh6 Qg7 27. Qh5 Nf6 28. Qh4 c6 29. f4 cxd5 30. e5 Ne4 $2 ({Black should try} 30... dxe5 $19 31. fxe5 Be6 32. exf6 Rxf6) 31. Ne2 $2 {[%mdl 8192]} (31. Nxd5 $11 Re8 32. f3) 31... Bf5 $19 {Black is clearly winning.} 32. Ng3 Nxg3+ 33. Ka2 Ne4 34. Rg5 Nc3+ {Accuracy: White = 19%, Black = 45%.} 0-1

[Event "Stay Safe Play From Home 233"]
[Site "Emanuel Lasker Arena"]
[Date "2020.06.17"]
[Round "2"]
[White "Broken sword"]
[Black "Position"]
[Result "0-1"]
[WhiteElo "2478"]
[BlackElo "1972"]
[Annotator "TA"]
[PlyCount "140"]
[EventDate "2020.06.17"]
[EventType "swiss (blitz)"]

{[%evp 9,140,10,12,10,9,0,0,0,0,0,0,0,4,0,0,-29,0,-16,0,0,0,-22,-10,-14,-8,-20,-4,-20,-8,-37,29,-52,-57,-70,-55,-76,-72,-51,-51,-80,-80,-210,-65,-69,-74,-245,-191,-195,-58,-303,-288,-279,-241,-299,-263,-300,-296,-347,-336,-340,-337,-337,-321,-326,0,-306,-307,-305,-267,-316,-289,-282,-283,-289,-234,-250,0,-295,-295,-295,-295,-306,-302,-805,-392,-329,-363,-686,-689,-686,-689,-669,-673,-686,-679,-649,-636,-1642,-1666,-1593,-1593,-1183,-1135,-4929,-1658,-2656,-2796,-2366,-2264,-1829,-1358,-1556,-1546,-1536,-1252,-1552,-1441,-1329,-1251,-1518,-1424,-1472,-1431,-1272,-891,-718,-648,-29975,-29950,-6939,-5222,-6536,-6514]} 1. d4 d5 2. Nf3 Nf6 3. c4 e6 4. cxd5 exd5 5. Nc3 h6 6. Bf4 {D35: Queen's Gambit Declined: Exchange Variation.} Bd6 7. Bg3 {[#]} Bxg3 $146 ({Predecessor:} 7... O-O 8. e3 Bf5 9. Bd3 Bxd3 10. Qxd3 c6 11. O-O Bxg3 12. hxg3 Nbd7 13. b4 a6 {½-½ (30) Radonjic,M (1855)-Draganic,V (2253) Niksic 2014}) 8. hxg3 {The position is equal.} O-O 9. e3 c6 10. Bd3 Nbd7 11. O-O Re8 12. Bc2 Nf8 13. Ne5 N6d7 14. Nf3 ({Don't blunder} 14. Nxf7 $2 Kxf7 15. e4 (15. Qg4 $2 Nf6 $19) 15... Nb6 $19) 14... Nf6 15. Qd3 Bg4 16. Ne5 Be6 17. f4 N6d7 18. Nf3 {f5 is the strong threat.} g6 19. Nh4 Nf6 ({Better is} 19... Bg4 $15) 20. Qe2 (20. f5 $11 gxf5 21. Nxf5) 20... Bg4 $15 21. Qd2 Qe7 22. Rae1 Ne4 23. Nxe4 dxe4 24. f5 g5 $36 {[%mdl 2048] And now ...Qf6 would win. Black is in control.} 25. f6 (25. Nf3 $17 {was the only chance.} Nd7 26. Nh2) 25... Qd7 (25... Qe6 $1 $19 26. Qf2 gxh4) 26. Qf2 $1 gxh4 {[#]} 27. gxh4 $2 (27. Qf4 $1 $17 {[%mdl 512] is the only way for White.} Kh7 28. Bxe4+ Ng6 29. gxh4) 27... Bh5 28. Qf4 {[#]} Qg4 (28... Kh7 $1 $19 29. Bxe4+ Bg6) 29. Qxg4+ $2 (29. Qxh6 $15 Qg6 30. Qxg6+ Bxg6 31. Bb3) 29... Bxg4 $19 30. Rf4 Bh5 31. g4 Bg6 32. h5 Bh7 33. Ref1 Ne6 34. R4f2 Ng5 35. Kg2 Nf3 36. Bd1 Ng5 $2 (36... Re6 $19 37. b4 Rae8) 37. Kg3 $2 {[%mdl 8192]} (37. Bc2 $1 $11 {and White stays safe.} Nf3 38. Bd1) 37... Re6 38. Rf4 Rd8 39. Bc2 Rdd6 40. Bb3 Re8 41. Rc1 Rdd8 42. Rc5 Rd6 $2 (42... Kf8 $19 {Threatens to win with ...a6.} 43. Bc4 Rd6) 43. a4 $2 {[%mdl 8192]} (43. Rc1 $1 $11) 43... b6 44. Rc3 Rc8 45. Bd1 c5 46. dxc5 $2 (46. Be2) 46... Rxc5 (46... Rxd1 $142 47. cxb6 Rxc3 48. bxc3 axb6) 47. Rxc5 bxc5 48. Bb3 $2 (48. Rf1) 48... Rd3 49. Bc4 Rxe3+ 50. Kf2 Rf3+ 51. Rxf3 Nxf3 52. Ke3 Ne5 53. Bd5 Nxg4+ {[%mdl 64] Double Attack} 54. Kf4 Nxf6 {[%mdl 64] Double Attack} 55. Bc4 Nxh5+ 56. Ke5 Ng7 57. Kd6 Kf8 58. Kxc5 Ne6+ 59. Kd5 f5 60. Ke5 Ng5 61. Kf4 Nf7 62. b4 Nd6 63. Bd5 Nc8 64. b5 Ne7 65. Bc4 Kg7 66. a5 Nc8 67. Be6 Nd6 68. Ke5 Nxb5 69. Bd7 Nc3 70. Kd4 Nd1 {Accuracy: White = 48%, Black = 64%.} 0-1

[Event "Stay Safe Play From Home 233"]
[Site "Emanuel Lasker Arena"]
[Date "2020.06.17"]
[Round "2"]
[White "Mepe_Nika"]
[Black "Fischer_11"]
[Result "1-0"]
[WhiteElo "2320"]
[BlackElo "2038"]
[Annotator "NA RC"]
[PlyCount "123"]
[EventDate "2020.06.17"]
[EventType "swiss (blitz)"]

1. g3 {[%emt 0:00:01]} d5 {[%emt 0:00:01]} 2. Bg2 {[%emt 0:00:00]} c6 {[%emt 0:00:00]} 3. d3 {[%emt 0:00:01]} Bf5 {[%emt 0:00:01]} 4. Nc3 {[%emt 0:00:01]} Bg6 {[%emt 0:00:00]} 5. f4 {[%emt 0:00:01]} h6 {[%emt 0:00:00]} 6. Nf3 {[%emt 0:00:01]} Nf6 {[%emt 0:00:00]} 7. Ne5 {[%emt 0:00:01]} e6 {[%emt 0:00:00]} 8. Nxg6 {[%emt 0:00:01]} fxg6 {[%emt 0:00:00]} 9. e4 {[%emt 0:00:01]} Nbd7 {[%emt 0:00:00]} 10. O-O {[%emt 0:00:02]} dxe4 {[%emt 0:00:01]} 11. Nxe4 {[%emt 0:00:01]} Nxe4 {[%emt 0:00:02]} 12. Bxe4 {[%emt 0:00:00]} Qf6 {[%emt 0:00:04]} 13. Qg4 {[%emt 0:00:01]} Kf7 {[%emt 0:00:02]} 14. Bd2 {[%emt 0:00:02]} Bc5+ {[%emt 0:00:02]} 15. Kg2 {[%emt 0:00:01]} Rhf8 {[%emt 0:00:02]} 16. Bc3 {[%emt 0:00:01]} Bd4 {[%emt 0:00:02]} 17. Bxg6+ {[%emt 0:00:05]} Qxg6 {[%emt 0:00:03]} 18. Qxg6+ {[%emt 0:00:00]} Kxg6 {[%emt 0:00:00]} 19. Bxd4 {[%emt 0:00:00]} Rae8 {[%emt 0:00:04]} 20. Rae1 {[%emt 0:00:01]} c5 {[%emt 0:00:01]} 21. Bc3 {[%emt 0:00:01]} b6 {[%emt 0:00:00]} 22. Re4 {[%emt 0:00:01]} Nf6 {[%emt 0:00:01]} 23. Re2 {[%emt 0:00:01]} Nd5 {[%emt 0:00:00]} 24. Rfe1 {[%emt 0:00:00]} Kf7 {[%emt 0:00:03]} 25. Be5 {[%emt 0:00:02]} b5 {[%emt 0:00:02]} 26. a3 {[%emt 0:00:01]} a6 {[%emt 0:00:01]} 27. c4 {[%emt 0:00:00]} bxc4 {[%emt 0:00:01]} 28. dxc4 {[%emt 0:00:00]} Nb6 {[%emt 0:00:00]} 29. b3 {[%emt 0:00:01]} Rd8 {[%emt 0:00:01]} 30. Bb2 {[%emt 0:00:02]} Rfe8 {[%emt 0:00:01]} 31. Re3 {[%emt 0:00:01]} Rd2+ {[%emt 0:00:01]} 32. R1e2 {[%emt 0:00:00]} Rxe2+ {[%emt 0:00:00]} 33. Rxe2 {[%emt 0:00:00]} Rd8 {[%emt 0:00:01]} 34. Kf3 {[%emt 0:00:01]} Rd3+ {[%emt 0:00:00]} 35. Re3 {[%emt 0:00:00]} Rd2 {[%emt 0:00:00]} 36. Re2 {[%emt 0:00:02]} Rd3+ {[%emt 0:00:00]} 37. Re3 {[%emt 0:00:01]} Rd2 {[%emt 0:00:01]} 38. Bc3 {[%emt 0:00:00]} Rc2 {[%emt 0:00:01]} 39. Rd3 {[%emt 0:00:01]} Ke7 {[%emt 0:00:02]} 40. Bxg7 {[%emt 0:00:02]} h5 {[%emt 0:00:00]} 41. h3 {[%emt 0:00:01]} a5 {[%emt 0:00:02]} 42. g4 {[%emt 0:00:01]} hxg4+ {[%emt 0:00:01]} 43. hxg4 {[%emt 0:00:00]} Ra2 {[%emt 0:00:00]} 44. a4 {[%emt 0:00:01]} Nc8 {[%emt 0:00:03]} 45. Be5 {[%emt 0:00:02]} Na7 {[%emt 0:00:02]} 46. Bd6+ {[%emt 0:00:01]} Kf6 {[%emt 0:00:01]} 47. Bxc5 {[%emt 0:00:00]} Nc6 {[%emt 0:00:00]} 48. Bd4+ {[%emt 0:00:01]} Kf7 {[%emt 0:00:01]} 49. Bc3 {[%emt 0:00:01]} e5 {[%emt 0:00:00]} 50. fxe5 {[%emt 0:00:01]} Ke6 {[%emt 0:00:00]} 51. Rd6+ {[%emt 0:00:02]} Kf7 {[%emt 0:00:00]} 52. Rxc6 {[%emt 0:00:00]} Ra3 {[%emt 0:00:01]} 53. Rb6 {[%emt 0:00:02]} Ke7 {[%emt 0:00:01]} 54. Bxa5 {[%emt 0:00:01]} Kd7 {[%emt 0:00:00]} 55. Rd6+ {[%emt 0:00:01]} Ke7 {[%emt 0:00:01]} 56. Rb6 {[%emt 0:00:02]} Ra1 {[%emt 0:00:00]} 57. Bb4+ {[%emt 0:00:01]} Kd7 {[%emt 0:00:01]} 58. Bd6 {[%emt 0:00:00]} Kd8 {[%emt 0:00:01]} 59. Ke4 {[%emt 0:00:00]} Re1+ {[%emt 0:00:01]} 60. Kd5 {[%emt 0:00:00]} Rd1+ {[%emt 0:00:00]} 61. Ke6 {[%emt 0:00:00]} Re1 {[%emt 0:00:00]} 62. Rb8# {[%emt 0:00:01] (Lag: Av=0.36s, max=0.7s)} 1-0

[Event "Stay Safe Play From Home 233"]
[Site "Emanuel Lasker Arena"]
[Date "2020.06.17"]
[Round "2"]
[White "Lazieri3"]
[Black "Weltszmerc"]
[Result "1-0"]
[WhiteElo "2135"]
[BlackElo "2162"]
[Annotator "TA"]
[PlyCount "77"]
[EventDate "2020.06.17"]
[EventType "swiss (blitz)"]

{[%evp 9,77,-10,-10,-14,27,10,6,5,27,27,30,0,0,-15,0,0,0,-70,-7,-10,-4,-33,-22,-72,-78,-78,-80,-68,43,-21,59,62,58,48,76,76,76,76,92,65,101,32,34,26,40,40,87,87,91,34,43,0,0,0,0,0,0,0,0,0,601,524,735,681,1392,1252,1142,365,286,0]} 1. e4 Nf6 2. Nc3 d5 3. d3 dxe4 4. Nxe4 Nxe4 5. dxe4 Qxd1+ 6. Kxd1 {[#] B02: Alekhine's Defence: Chase Variation and lines with early Nc3.} c5 $146 ({Predecessor:} 6... Nc6 7. Nf3 Bg4 8. Be2 O-O-O+ 9. Bd2 g6 10. Kc1 Bg7 11. Bc3 Bxc3 12. bxc3 f6 13. Kb2 Bxf3 14. Bxf3 Rd2 15. Rhf1 Ne5 16. Kb3 Nxf3 17. gxf3 Rhd8 {0-1 (17) Baser,S (977)-Jacob,K (1663) Schney 2020}) 7. Bd3 Nc6 8. Nf3 {The position is equal.} Bg4 9. Be3 e6 10. Ke2 O-O-O 11. h3 Bh5 12. g4 Bg6 13. Nh4 ({White should play} 13. Rad1 $11) 13... Be7 (13... c4 $1 $15 14. Bxc4 Bxe4 {[%mdl 64] Double Attack}) 14. Nxg6 $11 hxg6 15. c3 g5 16. f4 gxf4 17. Bxf4 g5 18. Bg3 f6 (18... Bd6 $15 19. Bf2 Kc7) 19. Raf1 (19. Bc4 $14 Bd6 20. Bxe6+ Kc7 21. Bf2) 19... e5 ({Black should try} 19... Bd6 $1 $11 20. Bxd6 Rxd6) 20. h4 gxh4 21. Rxh4 Kc7 22. Rfh1 Rxh4 23. Rxh4 Kd6 24. Rh7 a6 {[#]} 25. Bh4 ({Better is} 25. Bc4 $1 $16) 25... b5 $14 26. Rh6 c4 27. Bc2 {Black must now prevent g5.} Rf8 {[#]} 28. g5 $1 Ke6 29. gxf6 (29. Bd1 $16) 29... Bxf6 30. Bxf6 (30. Bd1 {seems wilder.} Nd8 31. b3 Ke7 32. bxc4 bxc4 33. Ke3) 30... Rxf6 31. Rxf6+ Kxf6 $16 {[%mdl 4096] Endgame KB-KN} 32. a4 b4 33. cxb4 Nxb4 34. Kd2 Nc6 $2 {[%mdl 8192]} (34... Ke6 $11 35. b3 cxb3 36. Bxb3+ Kd6) 35. Kc3 $18 Na5 36. Kb4 Nc6+ 37. Kxc4 Ke6 38. Bb3 $2 (38. Kc5 Nd4 39. Bd3) 38... Kd6 39. Bc2 $2 {[%mdl 32768] Accuracy: White = 56%, Black = 51%. . Loss on time!?} (39. Ba2 $18) 1-0